000 01333nam a2200361 a 4500
001 000115595
003 CHAP
005 20220329144540.0
008 190612s2017 mx |r| ||||||spa d
010 _a112056
011 _a113028
020 _a9786077153481
040 _cCHAP
082 0 4 _a333.913
_bA28
245 0 3 _aEl agua para la agricultura de las américas /
_ccoordinado por Víctor Villalobos Arámbula, Miguel García y Felipe Ávila.
260 _aMéxico :
_bIICA
_bColegio de Posgraduados.,
_c2017.
300 _axv, 132 p.
490 _aBiblioteca básica de agricultura.
_pAgua innovación y productividad
_v85
590 _aBATCH-UPD
_b05
_c20190612
_lUCH01
_h1027
590 _aE11695DGD
_b10
_c20190616
_lUCH01
_h1343
590 _aE5765TAJ
_b05
_c20190612
_lUCH01
_h1026
590 _aE5765TAJ
_b05
_c20190612
_lUCH01
_h1045
590 _aE5765TAJ
_b05
_c20190612
_lUCH01
_h1210
650 1 4 _aAgua en la agricultura
_zAmérica Latina.
_9136022
650 1 4 _aAgua
_xAbastecimiento
_xAmérica Latina.
_92226
700 0 _aGarcía, Miguel
_ecoord.
_946797
700 0 _aVillalobos Arámbula, Víctor Manuel
_ecoord.
_9119423
700 1 _aÁvila, Felipe
_ecoord.
_9136021
830 0 _aBiblioteca básica de agricultura.
_pAgua innovación y productivida
_v85
_9175657
901 _aBK
942 _cLIBRO
942 _n0
999 _c112056
_d112056